000 00733nam a2200277Ia 4500
001 dia_2327
003 CHAP
005 20240305115048.0
008 220117s2004 xx 000 0 und d
010 _a172849
020 _a968-18-4214-6
040 _cCHAP
082 _a658 R49 2004
100 1 _aReyes Ponce, Agustín
_996950
245 _aAdministración moderna /
_c Agustín Reyes Ponce
260 _aMéxico :
_b Limusa,
_c2004
300 _ax, 480 p.
503 _aC/e
590 _aHD37 R49 2004
650 _aAdministración
_9918
650 _aManagement
_9149975
901 _a658 R49 2004
902 _aM
905 _a5232272004 mx in 8222223322spa16
942 _cLIBRO
_2ddc
999 _c172849
_d172849